| 000 | 00364nam a2200121Ia 4500 | ||
|---|---|---|---|
| 008 | 190216s9999||||xx |||||||||||||| ||und|| | ||
| 100 | _a"Ganesh Kn,Krishnan V,Nagarajan M Etc.........." | ||
| 245 | 0 | _aChemistry A Textbook For Class Xii | |
| 260 |
_bNational Council Of Educational Research _c1990 |
||
| 300 | _a222p | ||
| 650 | _aChemistry-Chemistry | ||
| 942 | _cREF | ||
| 999 |
_c36091 _d36091 |
||